Normal view
MARC view
Entry Meeting Name
001 - CONTROL NUMBER
- control field: 32104
003 - CONTROL NUMBER IDENTIFIER
- control field: ARRUPE
005 - DATE AND TIME OF LATEST TRANSACTION
- control field: 20170602123034.0
008 - FIXED-LENGTH DATA ELEMENTS
- fixed length control field: 170602|| aca||aabn | a|a d
040 ## - CATALOGING SOURCE
- Original cataloging agency: ARRUPE
- Transcribing agency: ARRUPE
111 ## - HEADING--MEETING NAME
- Meeting name or jurisdiction name as entry element: Pan-African Conference.
670 ## - SOURCE DATA FOUND
- Source citation: Work cat.: (ARRUPE)21706: Pan-African Conference., From Third World to one world :, c1988.